000 00257 a2200121 4500
001 146669
040 _cEscola São Tomás de Aquino
100 _aLITTLEWOOD, Karin
240 1 0 _aImmi
_lpor
245 1 0 _aImmi
697 _a*LITERATURA INFANTO
942 _cBK
999 _c146669
_d146669